Tarjeta de identidad / (Record no. 183288)

MARC details
000 -LEADER
campo de control de longitud fija 00619nam a22001691i 4500
001 - NÚMERO DE CONTROL
campo de control 183288
003 - IDENTIFICADOR DE NÚMERO DE CONTROL
campo de control ES-MaACL
005 - FECHA Y HORA DE LA ÚLTIMA TRANSACCIÓN
campo de control 20230906221845.0
008 - DATOS DE LONGITUD FIJA--INFORMACIÓN GENERAL
campo de control de longitud fija 140206s1946 sp |||| | spa d
080 ## - NÚMERO DE LA CLASIFICACIÓN DECIMAL UNIVERSAL
Número de la Clasificación Decimal Universal 821.133.1-94"19"
100 1# - ENTRADA PRINCIPAL--NOMBRE DE PERSONA
Nombre de persona Dorgelès, Roland.
9 (RLIN) 138969
245 10 - MENCIÓN DEL TÍTULO
Título Tarjeta de identidad /
Mención de responsabilidad, etc. Roland Dorgelès ; [traducida del francés por María Luisa Úbeda].
260 ## - PUBLICACIÓN, DISTRIBUCIÓN, ETC.
Lugar de publicación, distribución, etc. [Barcelona] :
Nombre del editor, distribuidor, etc. Agora,
Fecha de publicación, distribución, etc. 1946 (
Fabricante [Ideal])
300 ## - DESCRIPCIÓN FÍSICA
Extensión 120 p., [2 h. de lám.] ;
Dimensiones 18 cm.
700 0# - ENTRADA AGREGADA--NOMBRE PERSONAL
Nombre de persona Ubeda, María Luisa.
9 (RLIN) 111827
852 ## - LOCALIZACIÓN
Ubicación ES-MaACL
Número de control de estantería L-30001
Nota libre .- Donat. herederos de la bibl. de Mª del Pilar Costa Palacín
Holdings
Estatus retirado Estado de pérdida Estado de daño No para préstamo Biblioteca de origen Biblioteca actual Ubicación en estantería Fecha de adquisición Fuente de adquisición Total de préstamos Signatura topográfica completa Código de barras Visto por última vez Precio de reemplazo Tipo de ítem Koha
        Biblioteca del Ateneo de Madrid Biblioteca del Ateneo de Madrid Depósito 2 06/02/2014     L-30001 1192639 23/02/2023 23/02/2023 Libro impreso